000 01547nam1a22002531i 4500
001 v19\rc\1454855
005 20260406165451.0
035 _a(NLR Aleph) 004594565
090 _a2703175
_c2703175
100 _a20060620g18741875|||a0rusy50 ca
101 0 _arus
102 _aRU
105 _ay z |||||
200 1 _aЖурнал Комиссии по предмету применения Городового положения 16 июня 1870 г. к городам прибалтийских губерний
_eЖурн. [1]-2
210 _a[Санкт-Петербург
_d1874-1875]
215 _a2 т.
_d34
300 _aЗагл. 2-го журн.: Журнал Комиссии по обсуждению предположений о применении Городового положения 16 июня 1870 года к городам прибалтийских губерний
309 _aБез тит. л. и обл.
517 0 _aЖурнал Комиссии по обсуждению предположений о применении Городового положения 16 июня 1870 года к городам прибалтийских губерний
710 0 1 _aРоссия
_bКомиссия по предмету применения Городового положения 16 июня 1870 г. к городам прибалтийских губерний
_3RU\NLR\AUTH\889936856
_9368510
801 0 _aRU
_bNLR
_gpsbo
801 1 _aRU
_bProSoft-M
_2rusmarc
852 _aNLR
_jШифры разные
942 _cBOOK